India's financial markets: an insider's guide to how the markets work (Record no. 418090)

000 -LEADER
fixed length control field 00585cam a22001817a 4500
008 - FIXED-LENGTH DATA ELEMENTS--GENERAL INFORMATION
fixed length control field 180718b2009 xxu||||| |||| 00| 0 eng d
020 ## - INTERNATIONAL STANDARD BOOK NUMBER
International Standard Book Number 9788131218587
082 ## - DEWEY DECIMAL CLASSIFICATION NUMBER
Classification number T42x54 sh13
100 ## - MAIN ENTRY--PERSONAL NAME
Personal name Shah, Ajay
245 ## - TITLE STATEMENT
Title India's financial markets: an insider's guide to how the markets work
Statement of responsibility, etc. by Ajay Shah, Susan Thomas and Michael Gorham
260 ## - PUBLICATION, DISTRIBUTION, ETC.
Place of publication, distribution, etc. Burlington
Name of publisher, distributor, etc. Elsevier
Date of publication, distribution, etc. 2009
300 ## - PHYSICAL DESCRIPTION
Extent 241p.
650 ## - SUBJECT ADDED ENTRY--TOPICAL TERM
Topical term or geographic name entry element India --Economic conditions --1991-
650 ## - SUBJECT ADDED ENTRY--TOPICAL TERM
Topical term or geographic name entry element Financial institutions --India
650 ## - SUBJECT ADDED ENTRY--TOPICAL TERM
Topical term or geographic name entry element Finance --India
700 ## - ADDED ENTRY--PERSONAL NAME
Personal name Gorham, Michael
700 ## - ADDED ENTRY--PERSONAL NAME
Personal name Thomas, Susan
Holdings
Withdrawn status Lost status Damaged status Not for loan Permanent Location Current Location Date acquired Full call number Barcode Date last seen Price effective from Koha item type
        Indian Institute of Public Administration Indian Institute of Public Administration 2009-05-26 T42x54 sh13 83168 2018-07-21 2018-07-21 Book

Powered by Koha